Psicoanálisis y psicoterapia relacional en Chile : tradiciones, encuentros, transformaciones /

Este libro reúne los trabajos presentados por colegas y autores chilenos en la 11ª Conferencia Internacional de la Asociación Internacional de Psicoanálisis y Psicoterapia Relacional (IARPP), celebrada en Santiago de Chile en el año 2013. \A dicho evento concurrieron alrededor de 450 especialistas d...

Full description

Bibliographic Details
Corporate Authors: Asociación Internacional de Psicoanálisis y Psicoterapia Relacional, Conferencia Internacional de la Asociación Internacional de Psicoanálisis y Psicoterapia Ralacional
Format: Libro
Language:Spanish
Published: Santiago, Chile RIL editores 2016
Subjects:
Online Access:

MARC

LEADER 00000cam a2200000 a 4500
001 018513
003 UAHC_CL
005 20170803121632.0
008 170609s2016 cl 000 spa
020 |a 9789560103444 
040 |a UAHC_CL  |c UAHC_CL  |d UAHC_CL 
082 0 4 |a 616.8917  |b P974  |2 20 
110 0 |a Asociación Internacional de Psicoanálisis y Psicoterapia Relacional 
245 1 0 |a Psicoanálisis y psicoterapia relacional en Chile :  |b tradiciones, encuentros, transformaciones /  |c IARPP Chile. 
260 |a Santiago, Chile  |b RIL editores  |c 2016 
300 |a 348 p. 
500 |a Décimo primera Conferencia Internacional de la Asociación Internacional de Psicoanálisis y Psicoterapia Relacional. 
520 |a Este libro reúne los trabajos presentados por colegas y autores chilenos en la 11ª Conferencia Internacional de la Asociación Internacional de Psicoanálisis y Psicoterapia Relacional (IARPP), celebrada en Santiago de Chile en el año 2013. \A dicho evento concurrieron alrededor de 450 especialistas de Argentina, Australia, Brasil, Canadá, Colombia, Chile, España, Estados Unidos, Italia, Israel, México, Perú y Turquía., bajo el título de «Encuentro de tradiciones: Campo, Vínculo y Matriz en la teoría y práctica psicoanalíticas». 
650 4 |a PSICOTERAPIA  |z CHILE 
650 4 |a TERAPIA INTERPERSONAL  |z CHILE 
650 4 |a PSICOANALISIS  |z CHILE 
653 |a PSICOLOGIA 
711 2 |a Conferencia Internacional de la Asociación Internacional de Psicoanálisis y Psicoterapia Ralacional  |c Santiago, Chile  |d 7 y 10 de Noviembre, 2013 
900 |a 616.8917 PSIC 
942 |c BK 
952 |0 0  |1 0  |4 0  |6 616_891700000000000_PSIC  |7 0  |8 General  |9 37120  |a BC  |b BC  |c General  |d 2017-08-03  |l 8  |m 9  |o 616.8917 PSIC  |p 1442032  |r 2026-01-12 17:33:39  |s 2025-10-03  |t 1  |w 2017-08-03  |y BK 
999 |c 18513  |d 18513